000 00184nam a2200085 4500
001 1234063
005 20250926110546.0
245 _aGİZEM VE UZAY ARILARI
_cTÜBİTAK
260 _bTÜBİTAK
999 _c1234063
_d1234063